| 000 | 00325cam a22001097a 4500 | ||
|---|---|---|---|
| 008 | 180718b1986 xxu||||| |||| 00| 0 eng d | ||
| 082 | _aA75 K45M | ||
| 245 |
_aKerala district gazetteers: Malappuram _cedited by C.K. Kareem |
||
| 260 |
_aTrivandrum _bKerala District Gazetteers _c1986 |
||
| 300 | _a884+p. | ||
| 700 | _aKareem, C.K. | ||
| 999 |
_c487114 _d487114 |
||